000 00578nam a2200181Ia 4500
003 GCL
008 140319s9999 xx 000 0 ara d
040 _aGCL /
_cGCL
082 0 4 _a811.6
_bا ك
100 1 _aاحسان عباس
245 1 0 _aكتاب التشبيهات من اشعار اهل الاندلس /
_cاحسان عباس
300 _a370 ص
490 _aديوان الشعر العربى المعاصر
_v0
650 0 4 _aالادب العربى
650 0 4 _aالشعراء العرب
650 0 4 _aالشعر العربى - مجموعات
942 _2ddc
_cBK
999 _c39608
_d39608